Top 50 Reved Emotes - Statistiken

Allgemein
  • Dieses Quiz wurde 111 mal gespielt
  • Das Durchschnittsergebnis liegt bei 19 aus 50
Antwortstatistiken
Rang Emote Anzahl Emotetyp % Korrekt
1 OMEGADANCEBUTFAST 296.671 7TV
89%
32 D: 26.949 BTTV Global
82%
19 revedLove 44.789 Sub-Emote
80%
34 LUL 25.296 Twitch Global
79%
29 OMEGALUL 29.300 FFZ
76%
8 revedLiebe 75.270 Follower-Emote
65%
6 omEh 86.315 7TV
62%
10 LULE 71.127 7TV
61%
2 <3 136.492 Twitch Global
59%
21 FeelsOkayMan 43.338 7TV Global
58%
5 HUH 91.847 7TV
55%
40 Pag 21.199 7TV
49%
44 peepoHappy 20.461 7TV Global
48%
4 Clap 99.988 7TV Global
46%
38 FeelsDankMan 21.348 7TV Global
45%
9 sheCrazy 71.571 BTTV
45%
15 AINTNOWAY 49.957 7TV
44%
20 pepeLaugh 44.022 7TV
44%
3 revedSDance 124.306 Sub-Emote
44%
11 forsenParty 61.580 BTTV
41%
14 PogU 50.876 7TV
41%
18 PauseChamp 46.162 7TV
38%
50 SUSSY 18.567 7TV
38%
16 danse 48.947 7TV
37%
24 pepeJAM 33.396 7TV
37%
13 OK 55.733 7TV
35%
48 saj 19.325 7TV
34%
43 PagChomp 20.504 7TV
32%
30 Aware 28.045 BTTV
31%
28 SURE 29.596 7TV
31%
27 WAYTOODANK 30.998 7TV Global
31%
36 WutFace 22.622 Twitch Global
30%
49 KUSS 18.951 7TV
28%
41 Hmm 21.182 7TV
25%
31 monakS 26.963 7TV
25%
23 AYO 37.059 7TV
23%
35 Dark 24.035 7TV
23%
17 EZ 46.380 7TV Global
20%
12 FeelsStrongMan 56.099 7TV Global
20%
25 kok 32.339 7TV
20%
47 DIESOFCRINGE 19.559 7TV
18%
46 TriKool 20.335 BTTV
18%
39 Gladge 21.233 7TV
17%
42 NOOOO 20.807 7TV
17%
33 Saved 26.134 BTTV
17%
22 SquidwardPls 41.850 7TV
17%
26 GIGACHAD 31.885 BTTV
15%
37 BRUH 21.516 BTTV
13%
45 rvdParty 20.381 7TV
11%
7 ayayaJAM 83.693 7TV
7%
Keine übereinstimmenden Quizze gefunden
Verteilung der Resultate
Anzahl Personen mit jedem Resultat
Perzentil nach korrekt beantworteten Fragen
Ihre Resultats-Entwicklung
Sie haben dieses Quiz noch nicht gespielt